Darjah-darjah kebesaran dan bintang-bintang kehormatan Persekutuan serta cara memakainya

Bibliographic Details
Main Author: Abdul Aziz Zakaria Tan Sri Datuk , 1923- (Author)
Format: Book
Published: Kuala Lumpur : Dewan Bahasa dan Pustaka , 1978
Subjects:

MARC

LEADER 00000cam a2200000 7i4500
001 0000006084
005 20220719093000.0
008 021119s1978
090 0 0 |a CJ6485.M3   |b A9 
100 0 |a Abdul Aziz Zakaria   |c Tan Sri Datuk ,   |d 1923- ,   |e author 
245 1 0 |a Darjah-darjah kebesaran dan bintang-bintang kehormatan Persekutuan serta cara memakainya   |c Abdul Aziz bin Zakaria 
260 2 |a Kuala Lumpur :   |b Dewan Bahasa dan Pustaka ,   |c 1978 
300 |a 89 p. ;   |c 21 cm. 
650 0 |a Decorations of honor   |z Malaysia 
650 0 |a Medals   |z Malaysia 
999 |a 1000007896   |b Book   |c OPEN SHELF (30 DAYS)   |e Gong Badak Campus 
999 |a 1000007897   |b Book   |c OPEN SHELF (30 DAYS)   |e Gong Badak Campus